Országos vásár
Glosa negatívne hodnotí krajinský jarmok v Humennom 4. septembra 1912. Prehľady o predvedenom jatočnom dobytku.
| Médium: | Článok |
|---|---|
| Jazyk: | Hungarian |
| Témy: | |
| Zdroj: |
1. Felvidéki Hirlap 1. Roč. 5, č. 34 (08.09.1912) s. 2 a 3 |
| LEADER | 00818nab#a2200301#ar4500 | ||
|---|---|---|---|
| 001 | 000074035 | ||
| 003 | SVKKK | ||
| 005 | 20040512xxxxxxx. | ||
| 008 | 06 c xo huno | ||
| FMT | |||
| 038 | |a SVKKK | ||
| 040 | |a SVKKK |b slo |e AACR2 | ||
| 041 | 0 | |a hun | |
| 044 | |a xo |c SK | ||
| 080 | |a 394.6 | ||
| 242 | 1 | 0 | |a Krajinský jarmok |
| 245 | 0 | 0 | |a Országos vásár |
| 500 | |a mikrofilm | ||
| 520 | 2 | |a Glosa negatívne hodnotí krajinský jarmok v Humennom 4. septembra 1912. Prehľady o predvedenom jatočnom dobytku. | |
| 650 | 0 | 4 | |a jarmoky - jarmok krajinský, Humenné - Humenné - 4.09.1912 - glosy |
| 773 | 0 | |t Felvidéki Hirlap |g Roč. 5, č. 34 (08.09.1912) s. 2 a 3 | |
| 957 | |a Humenné | ||
| 958 | |a DG | ||
| 958 | |a SK | ||
| 974 | |a Ba |d 20040512 | ||
| 992 | |a RBX | ||
| BAS | |||
| 998 | |a RETRO | ||